LIBRARY & INFORMATION CENTRE, KCAET, TAVANUR

ONLINE PUBLIC ACCESS CATALOGUE (OPAC)

Alfred Tennyson`s Poetical Works Including Plays / (Record no. 5853)

MARC details
000 -LEADER
fixed length control field 00293cam a2200109ua 4500
082 ## - DEWEY DECIMAL CLASSIFICATION NUMBER
Classification number 821
Item number TEN/AL
100 ## - MAIN ENTRY--AUTHOR NAME
Personal name Tennyson, Alfred.
245 ## - TITLE STATEMENT
Title Alfred Tennyson`s Poetical Works Including Plays /
260 ## - PUBLICATION, DISTRIBUTION, ETC. (IMPRINT)
Place of publication London :
Name of publisher Oxford University Press ,
Year of publication 1963.
300 ## - PHYSICAL DESCRIPTION
Number of Pages 563 ; .
942 ## - ADDED ENTRY ELEMENTS (KOHA)
Koha item type Books
Holdings
Withdrawn status Lost status Damaged status Home library Current library Date acquired Full call number Accession Number Koha item type
Withdrawn     KAUAET Malayalam University 07/04/2012 821 5032 Books
free website counter